| 000 | 00542nam a22001937a 4500 | ||
|---|---|---|---|
| 999 |
_c171972 _d171972 |
||
| 005 | 20200124101939.0 | ||
| 010 | _aB-29247 | ||
| 020 | _c40.00 | ||
| 035 | _aB-29247 | ||
| 037 | _bBPPD/Pub. | ||
| 082 | _aک | ||
| 100 | _aعابد ضمیر | ||
| 245 |
_aدو پھول / _cعابد ضمیر |
||
| 246 |
_aDo Phool (Urdu) / _bby Abid Zameer |
||
| 260 |
_aNew Delhi _bNirali Duniya Publications _c2000 ء |
||
| 270 |
_a358-A, Bazar Delhi Gate, Daryaganj _bNew Delhi _e110002 |
||
| 300 |
_a96p. _c22cm(Hb) |
||
| 942 |
_2ddc _cUR _hک _mع ا ب |
||